Invertebrate biodiversity as bioindicatiors of sustainable landcapes : Practical use of invertebrates to assess sustainable land use
Guardat en:
| Format: | Llibre |
|---|---|
| Idioma: | Undetermined |
| Publicat: |
Amsterdam, The Netherlands
Elsevier
1999
|
| Matèries: | |
| Etiquetes: |
Afegir etiqueta
Sense etiquetes, Sigues el primer a etiquetar aquest registre!
|
| Thư viện lưu trữ: | Trung tâm Học liệu Trường Đại học Cần Thơ |
|---|
| LEADER | 00602nam a2200193Ia 4500 | ||
|---|---|---|---|
| 001 | CTU_67710 | ||
| 008 | 210402s9999 xx 000 0 und d | ||
| 020 | |b 136 | ||
| 082 | |a 577.55 | ||
| 082 | |b I.62 | ||
| 245 | 0 | |a Invertebrate biodiversity as bioindicatiors of sustainable landcapes : | |
| 245 | 0 | |b Practical use of invertebrates to assess sustainable land use | |
| 245 | 0 | |c Edited by M. G. Paoletti | |
| 260 | |a Amsterdam, The Netherlands | ||
| 260 | |b Elsevier | ||
| 260 | |c 1999 | ||
| 650 | |a Agriculturral ecology | ||
| 904 | |i Minh | ||
| 980 | |a Trung tâm Học liệu Trường Đại học Cần Thơ | ||